Tratado de Criminología /
Guardado en:
| Autor Principal: | |
|---|---|
| Formato: | Libro |
| Idioma: | Spanish |
| Publicado: |
Madrid :
Instituto de estudios politicos,
1958
|
| Materias: | |
| Etiquetas: |
Agregar Etiqueta
Sin Etiquetas, Sea el primero en etiquetar este registro!
|
| LEADER | 00427nam a22001455a 4500 | ||
|---|---|---|---|
| 001 | DER.der011178 | ||
| 008 | 180615s1958####ag#||||||||||||||#||spa|| | ||
| 005 | 20241018141343.0 | ||
| 245 | 1 | 0 | |a Tratado de Criminología / |c Ernesto Seelig |
| 260 | |a Madrid : |b Instituto de estudios politicos, |c 1958 | ||
| 300 | |a 513 p. | ||
| 100 | 1 | |a Seelig, Ernesto | |
| 082 | 0 | 4 | |a 364 |2 21 |
| 650 | 7 | |a CRIMINOLOGIA | |
| 859 | |a DERECHO |b BIB. DERECHO |h 364 |i SEE |k CRM |p 006605 | ||
